| 000 | 00574cam a2200217 4500 | ||
|---|---|---|---|
| 008 | 090401t1988 xxu||||| |||| 00| 0 eng d | ||
| 020 | _a0959763953 | ||
| 035 | _a(Sirsi) u13153 | ||
| 041 | _aeng | ||
| 050 | _a333.3320993 | ||
| 100 | _aBell, Robin Allen | ||
| 245 | _aInvestment property: income analysis and appraisal | ||
| 260 |
_aWellington _bNew Zealand Institute of Valuers _c1988 |
||
| 300 | _aix,198p. ; 25cm. | ||
| 350 | _a0 | ||
| 650 | _aNEW ZEALAND | ||
| 650 | _aPROPERTY INVESTMENT | ||
| 650 |
_aValuation _96273 |
||
| 942 | _n0 | ||
| 948 | _c04/03/1997 | ||
| 999 |
_c87065 _d87065 |
||